Trade and regulatory reform insights from country experience

Enregistré dans:
Détails bibliographiques
Format: Livre
Langue:anglais
Publié: Paris OECD 2001
Collection:Industry, services and trade
Sujets:
Tags: Ajouter un tag
Pas de tags, Soyez le premier à ajouter un tag!

MARC

LEADER 00000nam a2200000 4500
001 c126816
005 20221221091620.0
020 |a 92-64-18728-6 
041 0 |a eng 
044 |a FR 
245 1 0 |a Trade and regulatory reform  |b insights from country experience 
264 1 |a Paris  |b OECD  |c 2001 
300 |a 160 s. 
490 1 |a Industry, services and trade 
830 0 |a Industry, services and trade 
610 2 0 |a obchod 
610 2 0 |a obchod medzinárodný 
610 2 0 |a reformy 
610 2 0 |a regulácia 
610 2 0 |a stratégia obchodná 
610 2 0 |a liberalizácia 
610 2 0 |a porovnanie medzinárodné 
610 2 0 |a OECD 
610 2 0 |a svet